Sports Quiz

Random Sports or Baseball Quiz

Cy Young Winners Quiz Stats

 Plays Quiz Updated Nov 13, 2019

Score 0/13 Timer 05:00
0 Plays Today
% Correct
Clayton Kershaw
91.8%
Justin Verlander
88.9%
Felix Hernandez
85.4%
Roy Halladay
79.3%
David Price
77.8%
Jacob deGrom
77.6%
Max Scherzer
77.4%
Jake Arrieta
77.2%
R.A. Dickey
73.1%
Corey Kluber
70.8%
Dallas Keuchel
70.5%
Blake Snell
61.1%
Rick Porcello
53.3%

You're not logged in!

Compare scores with friends on all Sporcle quizzes.
OR
Log In

Sporcle TV

Today on Sporcle TV


Watch our educational content, quiz creation guides, and fun videos on Sporcle TV.

Show Comments

Extras

Top Quizzes Today


Score Distribution

Your Account Isn't Verified!

In order to create a playlist on Sporcle, you need to verify the email address you used during registration. Go to your Sporcle Settings to finish the process.

Report this User

Report this user for behavior that violates our Community Guidelines.

Details: